71 Babynamen der Woche 46/25' - Statistiken

Allgemein
  • Dieses Quiz wurde 9 mal gespielt
  • Das Durchschnittsergebnis liegt bei 22 aus 71
Antwortstatistiken
📍 Vorname % Korrekt
A.b..t ♂️ Albert
67%
Al..a.d.r ♂️ Alexander
67%
Am.l.a ♀️ Amelia
67%
L.l.y ♀️ Lilly
67%
B.ö.n ♂️ Björn
56%
El.o.o.a ♀️ Eleonora
56%
G.b.i.l ♂️ Gabriel
56%
J.h.n.a ♀️ Johanna
56%
L.a ♀️ Lia
56%
M.r.a ♀️ Maria
56%
M.r.e ♀️ Marie
56%
W..h..m ♂️ Wilhelm
56%
A.g..o ♂️ Angelo
44%
C..l ♂️ Carl
44%
D.a.a ♀️ Diana
44%
Em.r ♂️ Emir
44%
E..a ♀️ Emma
44%
F..d.r..k ♂️ Frederick
44%
G.r.a ♀️ Gerda
44%
J.r.m..s ♂️ Jeremias
44%
L.t.e ♀️ Lotte
44%
M.t..l.a ♀️ Mathilda
44%
N.d.a ♀️ Nadia
44%
N..h ♂️ Noah
44%
P..l..e ♀️ Pauline
44%
P.t.r ♂️ Peter
44%
R.f..l ♂️ Rafael
44%
R..h ♀️ Ruth
44%
S.b..t..n ♂️ Sebastian
44%
S.s.n ♀️ Susan
44%
V.l..t.n ♂️ Valentin
44%
Z.e ♀️ Zoe
44%
A..e ♂️ Arne
33%
J.s.e ♂️ Jesse
33%
J.n.h ♂️ Jonah
33%
L..f ♂️ Lejf
33%
M.t.h.s ♂️ Matthes
33%
M.c..l.e ♀️ Michelle
33%
N.d..e ♀️ Nadine
33%
N.c..e ♀️ Nicole
33%
R.o ♂️ Rio
33%
V.l.r.e ♀️ Valerie
33%
A.t..r ♂️ Arthur
22%
D.n.e.a ♀️ Daniela
22%
E..y ♀️ Elly
22%
I.y.s ♂️ Ilyas
22%
M.l..a ♀️ Malina
22%
Al.a ♀️ Alaa
11%
A.m..d ♂️ Armand
11%
A.d.n ♂️ Ayden
11%
C.a..e ♀️ Claire
11%
D.r..n ♂️ Dorian
11%
El.i.e ♀️ Elaine
11%
G.a.e ♀️ Grace
11%
L..i ♂️ Loui
11%
M.r.a ♀️ Marta
11%
M.e ♂️ Moe
11%
P..s.a ♀️ Priska
11%
B..a.a ♀️ Briana
0%
F..e ♀️ Faye
0%
G.r.i ♀️ Gerti
0%
H..t.r ♀️ Hester
0%
L..y ♀️ Lucy
0%
M.r.e..a ♀️ Mariella
0%
N.j.a ♀️ Najla
0%
O..s ♂️ Otis
0%
P.i.e.s ♂️ Phileas
0%
R..e ♀️ Rose
0%
S.l..a ♀️ Salena
0%
S..n.a ♀️ Sienna
0%
T.l.a ♀️ Tilda
0%
Keine übereinstimmenden Quizze gefunden
Verteilung der Resultate
Anzahl Personen mit jedem Resultat
Perzentil nach korrekt beantworteten Fragen
Ihre Resultats-Entwicklung
Sie haben dieses Quiz noch nicht gespielt